[Event "11th Sinquefield Cup"]
[Site "Saint Louis USA"]
[Date "2024.08.19"]
[Round "1"]
[White "Praggnanandhaa, Rameshbabu"]
[Black "Abdusattorov, Nodirbek"]
[Result "1/2-1/2"]
[WhiteTitle "GM"]
[BlackTitle "GM"]
[WhiteElo "2749"]
[BlackElo "2762"]
[WhiteFideId "25059530"]
[BlackFideId "14204118"]
[EventDate "2024.08.19"]
[PlyCount "71"]

1. e4 e5 2. Nf3 Nf6 3. Nxe5 d6 4. Nf3 Nxe4 5. Nc3 Nxc3 6. dxc3 Nc6 7. Be3 Be7 8. Qd3 Be6 9. O-O-O a6 10. Kb1 O-O 11. h3 Ne5 12. Qe4 Nxf3 13. Bd3 g6 14. Qxf3 c6 15. h4 Qa5 16. a3 Qd5 17. h5 Qxf3 18. gxf3 Bf6 19. f4 Rfe8 20. hxg6 fxg6 21. f5 gxf5 22. Rh5 Re7 23. Bxf5 Bxf5 24. Rxf5 Be5 25. c4 Rae8 26. Rh1 Rg7 27. Rfh5 Ree7 28. Ka2 Rg4 29. Kb3 Bf4 30. Bxf4 Rxf4 31. R1h2 Ref7 32. Rg5+ Kf8 33. Rgh5 Kg8 34. Rg5+ Kf8 35. Rgh5 Kg8 36. Rg5+ 1/2-1/2

[Event "11th Sinquefield Cup"]
[Site "Saint Louis USA"]
[Date "2024.08.19"]
[Round "1"]
[White "Nepomniachtchi, Ian"]
[Black "Vachier-Lagrave, Maxime"]
[Result "1/2-1/2"]
[WhiteTitle "GM"]
[BlackTitle "GM"]
[WhiteElo "2767"]
[BlackElo "2721"]
[WhiteFideId "4168119"]
[BlackFideId "623539"]
[EventDate "2024.08.19"]
[PlyCount "76"]

1. e4 e5 2. Nf3 Nc6 3. Bc4 Nf6 4. d4 exd4 5. e5 d5 6. Bb5 Ne4 7. Nxd4 Bd7 8. Bxc6 bxc6 9. O-O Be7 10. f3 Nc5 11. f4 O-O 12. f5 Ne4 13. Nc3 Re8 14. Nxe4 dxe4 15. e6 fxe6 16. fxe6 Bc8 17. Be3 Bf6 18. Nxc6 Qxd1 19. Raxd1 Rxe6 20. Nd4 Rd6 21. Nb5 Rc6 22. c3 Bg4 23. Rd2 Rb8 24. h3 Bh5 25. Nxa7 Ra6 26. a4 Be8 27. Nb5 Bxb5 28. axb5 Rxb5 29. g3 h5 30. Re2 Kh7 31. Bc1 Re6 32. Bf4 c6 33. Rfe1 Kg6 34. Kg2 Kf5 35. Rf1 Kg6 36. Rfe1 Kf5 37. Rf1 Kg6 38. Rfe1 Kf5 1/2-1/2

[Event "11th Sinquefield Cup"]
[Site "Saint Louis USA"]
[Date "2024.08.19"]
[Round "1"]
[White "Ding Liren"]
[Black "Gukesh, Dommaraju"]
[Result "1/2-1/2"]
[WhiteTitle "GM"]
[BlackTitle "GM"]
[WhiteElo "2745"]
[BlackElo "2766"]
[WhiteFideId "8603677"]
[BlackFideId "46616543"]
[EventDate "2024.08.19"]
[PlyCount "55"]

1. e4 e5 2. Nf3 Nc6 3. Bc4 Bc5 4. O-O Nf6 5. d3 d6 6. c3 a5 7. Re1 O-O 8. h3 Be6 9. Bb5 Ba7 10. Be3 Bxe3 11. Rxe3 Ne7 12. d4 Ng6 13. Bf1 d5 14. Nbd2 Nxe4 15. Nxe5 Nxe5 16. dxe5 Nxd2 17. Qxd2 c5 18. Rg3 d4 19. Qh6 g6 20. Bd3 c4 21. Be4 d3 22. Bxg6 fxg6 23. Rxg6+ hxg6 24. Qxg6+ Kh8 25. Qh6+ Kg8 26. Qg6+ Kh8 27. Qh6+ Kg8 28. Qg6+ 1/2-1/2

[Event "11th Sinquefield Cup"]
[Site "Saint Louis USA"]
[Date "2024.08.19"]
[Round "1"]
[White "So, Wesley"]
[Black "Giri, Anish"]
[Result "1/2-1/2"]
[WhiteTitle "GM"]
[BlackTitle "GM"]
[WhiteElo "2751"]
[BlackElo "2746"]
[WhiteFideId "5202213"]
[BlackFideId "24116068"]
[EventDate "2024.08.19"]
[PlyCount "82"]

1. c4 Nf6 2. Nf3 e6 3. g3 d5 4. Bg2 Be7 5. O-O O-O 6. b3 c5 7. Bb2 Nc6 8. e3 d4 9. exd4 cxd4 10. Re1 Re8 11. d3 a5 12. Ne5 Nxe5 13. Rxe5 Nd7 14. Re1 e5 15. Na3 Bb4 16. Rf1 Nc5 17. Nb5 Bf5 18. a3 Bc3 19. Nxc3 dxc3 20. Bxc3 Qxd3 21. Rc1 a4 22. b4 Nb3 23. Qxd3 Bxd3 24. Bxb7 Rab8 25. Bc6 Bxc4 26. Bxe8 Rxe8 27. Rfe1 Nxc1 28. Rxc1 Bb5 29. Bd2 f6 30. Rc5 Rb8 31. f4 exf4 32. Bxf4 Rb7 33. Kf2 Kf7 34. h4 Ke6 35. g4 h6 36. g5 hxg5 37. hxg5 Bd7 38. Ke3 Bb5 39. Kf2 Bd7 40. Ke3 Bb5 41. Kf2 Bd7 1/2-1/2

[Event "11th Sinquefield Cup"]
[Site "Saint Louis USA"]
[Date "2024.08.20"]
[Round "2"]
[White "Giri, Anish"]
[Black "Ding Liren"]
[Result "1/2-1/2"]
[WhiteTitle "GM"]
[BlackTitle "GM"]
[WhiteElo "2746"]
[BlackElo "2745"]
[WhiteFideId "24116068"]
[BlackFideId "8603677"]
[EventDate "2024.08.19"]
[PlyCount "46"]

1. e4 e5 2. Nf3 Nc6 3. Bc4 Nf6 4. d3 Bc5 5. O-O d6 6. c3 a6 7. Re1 Ba7 8. Nbd2 O-O 9. Nf1 Na5 10. Bb3 Nxb3 11. axb3 Ng4 12. d4 exd4 13. Nxd4 Re8 14. Bf4 Qf6 15. Bg3 h5 16. Nf3 h4 17. Bxh4 Qxh4 18. Nxh4 Nxf2 19. Qf3 Nh3+ 20. Kh1 Nf2+ 21. Kg1 Nh3+ 22. Kh1 Nf2+ 23. Kg1 Nh3+ 1/2-1/2

[Event "11th Sinquefield Cup"]
[Site "Saint Louis USA"]
[Date "2024.08.20"]
[Round "2"]
[White "Abdusattorov, Nodirbek"]
[Black "Firouzja, Alireza"]
[Result "1/2-1/2"]
[WhiteTitle "GM"]
[BlackTitle "GM"]
[WhiteElo "2762"]
[BlackElo "2751"]
[WhiteFideId "14204118"]
[BlackFideId "12573981"]
[EventDate "2024.08.19"]
[PlyCount "91"]

1. e4 e5 2. Nf3 Nc6 3. Bb5 Nf6 4. d3 Bc5 5. O-O Nd4 6. Nxd4 Bxd4 7. Ba4 c6 8. c3 Bb6 9. Na3 d6 10. Bb3 a5 11. Qe2 a4 12. Bc2 h6 13. Nc4 Ba7 14. d4 Bg4 15. Qd3 b5 16. Ne3 Be6 17. d5 cxd5 18. Nxd5 Bd7 19. Be3 a3 20. Bb3 axb2 21. Rab1 O-O 22. Rxb2 Bc6 23. Bxa7 Rxa7 24. Qe3 Ra6 25. Nxf6+ Qxf6 26. Rd1 Rc8 27. c4 bxc4 28. Bxc4 Ra4 29. Rc2 Bd7 30. Qc1 Qf4 31. Bxf7+ Qxf7 32. Rxc8+ Bxc8 33. Qxc8+ Kh7 34. f3 Rxa2 35. h3 Qg6 36. Qg4 Qxg4 37. hxg4 Ra6 38. Kh2 Kg6 39. Kg3 Kf6 40. Rc1 Ra2 41. Rc7 Rb2 42. Kh3 Ra2 43. Kg3 Rb2 44. Kh3 Ra2 45. Kg3 Rb2 46. Kh3 1/2-1/2

[Event "11th Sinquefield Cup"]
[Site "Saint Louis USA"]
[Date "2024.08.20"]
[Round "2"]
[White "So, Wesley"]
[Black "Caruana, Fabiano"]
[Result "1/2-1/2"]
[WhiteTitle "GM"]
[BlackTitle "GM"]
[WhiteElo "2751"]
[BlackElo "2793"]
[WhiteFideId "5202213"]
[BlackFideId "2020009"]
[EventDate "2024.08.19"]
[PlyCount "83"]

1. d4 Nf6 2. c4 e6 3. Nc3 Bb4 4. e3 O-O 5. Bd3 d5 6. a3 dxc4 7. Bxc4 Bd6 8. Nf3 Nc6 9. O-O e5 10. d5 Ne7 11. e4 a6 12. a4 h6 13. h3 Bd7 14. Re1 Rc8 15. Be3 c6 16. dxc6 Bxc6 17. Qb3 Ng6 18. Rad1 Qe7 19. Nd5 Nxd5 20. Bxd5 Bb4 21. Rf1 Bc5 22. Bxc5 Qxc5 23. Rfe1 b5 24. Bxc6 Rxc6 25. Rd5 Qc2 26. Qxc2 Rxc2 27. axb5 Nf4 28. Rd7 axb5 29. b4 Rb2 30. Nxe5 Rxb4 31. Nd3 Nxd3 32. Rxd3 Rb8 33. Rd7 Rc4 34. e5 b4 35. e6 fxe6 36. Rxe6 b3 37. Ree7 b2 38. Rxg7+ Kh8 39. Rh7+ Kg8 40. Rhg7+ Kh8 41. Rh7+ Kg8 42. Rhg7+ 1/2-1/2

[Event "11th Sinquefield Cup"]
[Site "Saint Louis USA"]
[Date "2024.08.21"]
[Round "3"]
[White "Firouzja, Alireza"]
[Black "Vachier-Lagrave, Maxime"]
[Result "1/2-1/2"]
[WhiteTitle "GM"]
[BlackTitle "GM"]
[WhiteElo "2751"]
[BlackElo "2721"]
[WhiteFideId "12573981"]
[BlackFideId "623539"]
[EventDate "2024.08.19"]
[PlyCount "79"]

1. Nf3 d5 2. d4 Nf6 3. Bf4 c5 4. e3 Nc6 5. Nbd2 Nh5 6. dxc5 Nxf4 7. exf4 g6 8. c3 Bh6 9. Qa4 O-O 10. Bb5 Qc7 11. Bxc6 bxc6 12. Ne5 Bb7 13. g3 f6 14. Ng4 Bg7 15. h4 h5 16. Ne3 e5 17. O-O-O Rae8 18. f5 Bc8 19. g4 e4 20. Rdg1 hxg4 21. Rxg4 gxf5 22. Rg6 f4 23. Rhg1 Re7 24. Nc2 Bf5 25. R6g2 f3 26. Nd4 Bd7 27. Rg6 Kh7 28. Nf1 Bh6+ 29. Kb1 Rg7 30. Rxg7+ Bxg7 31. a3 f5 32. h5 Be5 33. Rg6 Rf6 34. Rg1 Rh6 35. Ne3 Rxh5 36. Qb3 Qb8 37. Qa4 Qc7 38. Qb3 Qb8 39. Qa4 Qc7 40. Qb3 1/2-1/2

[Event "11th Sinquefield Cup"]
[Site "Saint Louis USA"]
[Date "2024.08.21"]
[Round "3"]
[White "Ding Liren"]
[Black "So, Wesley"]
[Result "1/2-1/2"]
[WhiteTitle "GM"]
[BlackTitle "GM"]
[WhiteElo "2745"]
[BlackElo "2751"]
[WhiteFideId "8603677"]
[BlackFideId "5202213"]
[EventDate "2024.08.19"]
[PlyCount "97"]

1. e4 e5 2. Nf3 Nc6 3. Bc4 Bc5 4. c3 Nf6 5. d3 d6 6. O-O a6 7. Bg5 h6 8. Bh4 Ba7 9. Nbd2 Qe7 10. Re1 O-O 11. Bb3 g5 12. Bg3 g4 13. Nh4 Nh5 14. Nf1 Qg5 15. Ne3 Bd7 16. Rc1 Ne7 17. d4 Rad8 18. Rc2 Nxg3 19. hxg3 h5 20. Rd2 Kg7 21. Kh2 Rh8 22. dxe5 Qxe5 23. f4 gxf3 24. gxf3 Kf8 25. f4 Qg7 26. Qf3 Rg8 27. Nef5 Nxf5 28. Nxf5 Bxf5 29. exf5 h4 30. Rg2 hxg3+ 31. Rxg3 Qxg3+ 32. Qxg3 Rxg3 33. Kxg3 Re8 34. Rxe8+ Kxe8 35. Kf3 Ke7 36. Ke4 c6 37. Bd1 d5+ 38. Kd3 Kf6 39. Bh5 b5 40. b3 a5 41. a4 bxa4 42. bxa4 Kxf5 43. Bxf7 Kxf4 44. Be8 Ke5 45. Bxc6 Bb6 46. Bb5 Ba7 47. Bc6 Bb6 48. Bb5 Ba7 49. Bc6 1/2-1/2

[Event "11th Sinquefield Cup"]
[Site "Saint Louis USA"]
[Date "2024.08.21"]
[Round "3"]
[White "Nepomniachtchi, Ian"]
[Black "Giri, Anish"]
[Result "1-0"]
[WhiteTitle "GM"]
[BlackTitle "GM"]
[WhiteElo "2767"]
[BlackElo "2746"]
[WhiteFideId "4168119"]
[BlackFideId "24116068"]
[EventDate "2024.08.19"]
[PlyCount "73"]

1. d4 Nf6 2. c4 e6 3. Nc3 Bb4 4. e3 O-O 5. a3 Bxc3+ 6. bxc3 d6 7. f3 Nc6 8. e4 Qe8 9. h4 b6 10. h5 Ba6 11. Ra2 Na5 12. g4 Qc6 13. Rg2 Bxc4 14. Bxc4 Qxc4 15. Ne2 Nd7 16. g5 e5 17. g6 fxg6 18. hxg6 Rxf3 19. gxh7+ Kh8 20. Rhg1 Rf7 21. Bh6 gxh6 22. Rg8+ Kxh7 23. Rxa8 Nf6 24. dxe5 Nxe4 25. Qc1 Ng5 26. Rxg5 Qh4+ 27. Rg3 Qh1+ 28. Rg1 Qxa8 29. Qc2+ Kh8 30. Qg6 Qf8 31. e6 Re7 32. Rh1 Rh7 33. Rf1 Qd8 34. Rf7 Rxf7 35. exf7 Qf8 36. Qf6+ Kh7 37. Nf4 1-0

[Event "11th Sinquefield Cup"]
[Site "Saint Louis USA"]
[Date "2024.08.21"]
[Round "3"]
[White "Caruana, Fabiano"]
[Black "Abdusattorov, Nodirbek"]
[Result "1-0"]
[WhiteTitle "GM"]
[BlackTitle "GM"]
[WhiteElo "2793"]
[BlackElo "2762"]
[WhiteFideId "2020009"]
[BlackFideId "14204118"]
[EventDate "2024.08.19"]
[PlyCount "95"]

1. e4 e5 2. Nf3 Nc6 3. Bc4 Nf6 4. d3 Be7 5. O-O O-O 6. Re1 d6 7. a4 Be6 8. Nbd2 Bxc4 9. Nxc4 a5 10. Bg5 Nd7 11. Bxe7 Qxe7 12. d4 exd4 13. Nxd4 Nxd4 14. Qxd4 Rfe8 15. Qd2 Qh4 16. f3 Re6 17. Ne3 Qg5 18. Rad1 Qc5 19. Kh1 Rae8 20. b3 Nf6 21. Nf5 g6 22. Ne3 b6 23. c4 Qg5 24. Qf2 Nd7 25. Nd5 Qd8 26. g4 Re5 27. Re3 Nc5 28. Qg3 h5 29. h3 Kg7 30. Nf4 Rh8 31. Kg2 hxg4 32. hxg4 Ree8 33. Ree1 Qf6 34. Rh1 c6 35. Nh3 Rd8 36. g5 Qb2+ 37. Nf2 Rxh1 38. Rxh1 d5 39. cxd5 cxd5 40. Rd1 Nxb3 41. exd5 Nc5 42. Qf4 Kg8 43. Kg3 Nb7 44. Qc7 Kg7 45. Ng4 Rh8 46. Qxb7 Qe2 47. Rg1 Qd2 48. Qe7 1-0

[Event "11th Sinquefield Cup"]
[Site "Saint Louis USA"]
[Date "2024.08.22"]
[Round "4"]
[White "So, Wesley"]
[Black "Nepomniachtchi, Ian"]
[Result "1-0"]
[WhiteTitle "GM"]
[BlackTitle "GM"]
[WhiteElo "2751"]
[BlackElo "2767"]
[WhiteFideId "5202213"]
[BlackFideId "4168119"]
[EventDate "2024.08.19"]
[PlyCount "99"]

1. Nf3 d5 2. e3 Nf6 3. c4 e6 4. b3 Be7 5. Bb2 O-O 6. Nc3 c5 7. cxd5 exd5 8. d4 Ne4 9. dxc5 Bf6 10. Nd4 Qa5 11. Rc1 Nc6 12. Be2 Nxc5 13. Nxc6 bxc6 14. O-O Ne4 15. Qc2 Nxc3 16. Bxc3 Bxc3 17. Qxc3 Qxa2 18. Rc2 Qa3 19. Ra1 Qe7 20. Qxc6 Be6 21. Qc5 Qxc5 22. Rxc5 Rfc8 23. Rca5 Rab8 24. Bd1 d4 25. exd4 Bxb3 26. Rxa7 Bxd1 27. Rxd1 Rc2 28. g3 g6 29. Rd3 Rcb2 30. Kg2 R8b3 31. Rf3 Rxf3 32. Kxf3 Kg7 33. g4 h6 34. Re7 Rd2 35. Ke3 Rd1 36. Re4 Kf6 37. h4 Ra1 38. Kd3 Ra2 39. f3 Ra3+ 40. Kc4 Rxf3 41. d5 Ra3 42. Re8 Ra1 43. d6 Rd1 44. Kc5 h5 45. g5+ Kf5 46. Re2 Kf4 47. Kc6 Kf3 48. Rc2 Rd4 49. d7 Kg3 50. Rc5 1-0

[Event "11th Sinquefield Cup"]
[Site "Saint Louis USA"]
[Date "2024.08.22"]
[Round "4"]
[White "Ding Liren"]
[Black "Caruana, Fabiano"]
[Result "1/2-1/2"]
[WhiteTitle "GM"]
[BlackTitle "GM"]
[WhiteElo "2745"]
[BlackElo "2793"]
[WhiteFideId "8603677"]
[BlackFideId "2020009"]
[EventDate "2024.08.19"]
[PlyCount "101"]

1. d4 Nf6 2. c4 e6 3. Nf3 d5 4. Nc3 Bb4 5. Qa4+ Nc6 6. e3 O-O 7. Qc2 b6 8. Bd2 Bb7 9. a3 Bd6 10. cxd5 exd5 11. Nb5 Be7 12. Bd3 a6 13. Nc3 Bd6 14. O-O Re8 15. b4 Nb8 16. Rfb1 Ne4 17. b5 a5 18. a4 Nd7 19. Bc1 Qe7 20. Qb3 Ndf6 21. Ra2 Rac8 22. Ba3 Ng4 23. Bxd6 cxd6 24. Nd1 g6 25. Qa3 Ngf6 26. Rc1 Rxc1 27. Qxc1 Rc8 28. Rc2 Rxc2 29. Qxc2 Kg7 30. Nd2 Nxd2 31. Qxd2 h5 32. f3 h4 33. Nc3 Nh7 34. Kf2 f5 35. Ne2 Nf6 36. Qc1 Nh5 37. Nf4 Nxf4 38. exf4 Qd8 39. Bb1 Qc8 40. Qxc8 Bxc8 41. g3 hxg3+ 42. hxg3 Be6 43. Kg2 Kf6 44. Kh3 Bf7 45. Kh4 Be6 46. Bd3 Bf7 47. g4 Be8 48. Bc2 Bf7 49. Bd3 Be8 50. Bc2 Bf7 51. Bd3 1/2-1/2

[Event "11th Sinquefield Cup"]
[Site "Saint Louis USA"]
[Date "2024.08.22"]
[Round "4"]
[White "Giri, Anish"]
[Black "Praggnanandhaa, Rameshbabu"]
[Result "1/2-1/2"]
[WhiteTitle "GM"]
[BlackTitle "GM"]
[WhiteElo "2746"]
[BlackElo "2749"]
[WhiteFideId "24116068"]
[BlackFideId "25059530"]
[EventDate "2024.08.19"]
[PlyCount "66"]

1. c4 Nf6 2. Nc3 e5 3. Nf3 Nc6 4. d3 d5 5. cxd5 Nxd5 6. g3 Bc5 7. Bg2 O-O 8. O-O h6 9. Nxd5 Qxd5 10. a3 a5 11. Bd2 Qe6 12. Rc1 Qe7 13. Qa4 Ra6 14. Qh4 Re8 15. b4 axb4 16. axb4 Qxh4 17. Nxh4 Ra2 18. Rxc5 Rxd2 19. Re1 Nd4 20. Nf3 Rxe2 21. Rxe2 Nxe2+ 22. Kf1 Nd4 23. Nxd4 exd4 24. Rxc7 Bf5 25. Be4 Bxe4 26. dxe4 Rxe4 27. Rxb7 d3 28. Rd7 Rxb4 29. Rxd3 Ra4 30. Rc3 Rb4 31. Rd3 Ra4 32. Rc3 Rb4 33. Rd3 Ra4 1/2-1/2

[Event "11th Sinquefield Cup"]
[Site "Saint Louis USA"]
[Date "2024.08.22"]
[Round "4"]
[White "Vachier-Lagrave, Maxime"]
[Black "Abdusattorov, Nodirbek"]
[Result "1/2-1/2"]
[WhiteTitle "GM"]
[BlackTitle "GM"]
[WhiteElo "2721"]
[BlackElo "2762"]
[WhiteFideId "623539"]
[BlackFideId "14204118"]
[EventDate "2024.08.19"]
[PlyCount "56"]

1. e4 e5 2. Nf3 Nc6 3. Bb5 Bc5 4. O-O d6 5. c3 a6 6. Ba4 Bd7 7. d4 Ba7 8. Bxc6 Bxc6 9. dxe5 dxe5 10. Nxe5 Qxd1 11. Rxd1 Bxe4 12. Re1 f5 13. Nd2 Nf6 14. Nxe4 Nxe4 15. Be3 Bxe3 16. Rxe3 O-O 17. Rd1 Nc5 18. Nd7 Rad8 19. Re7 Rxd7 20. Rdxd7 Nxd7 21. Rxd7 Rf7 22. Rd8+ Rf8 23. Rd5 c6 24. Rd7 Rf7 25. Rd8+ Rf8 26. Rd7 Rf7 27. Rd8+ Rf8 28. Rd7 Rf7 1/2-1/2

[Event "11th Sinquefield Cup"]
[Site "Saint Louis USA"]
[Date "2024.08.23"]
[Round "5"]
[White "Caruana, Fabiano"]
[Black "Vachier-Lagrave, Maxime"]
[Result "1/2-1/2"]
[WhiteTitle "GM"]
[BlackTitle "GM"]
[WhiteElo "2793"]
[BlackElo "2721"]
[WhiteFideId "2020009"]
[BlackFideId "623539"]
[EventDate "2024.08.19"]
[PlyCount "90"]

1. e4 c5 2. Nf3 d6 3. d4 cxd4 4. Nxd4 Nf6 5. Nc3 a6 6. Nb3 g6 7. Be3 Bg7 8. f3 h5 9. Be2 Nbd7 10. O-O b6 11. Qe1 Bb7 12. a4 Rc8 13. Qf2 O-O 14. Rfd1 Qc7 15. Nd2 Nc5 16. Nc4 Nfd7 17. Bf1 Ne5 18. Nxe5 Bxe5 19. Bd4 Nd7 20. Ra3 Rfd8 21. Bxe5 dxe5 22. Raa1 e6 23. Rd2 Nb8 24. Rad1 Nc6 25. Nb1 Rxd2 26. Rxd2 Nd4 27. Na3 Bc6 28. Bxa6 Ra8 29. Bf1 Bxa4 30. h4 b5 31. c3 Nb3 32. Rd1 b4 33. cxb4 Nd4 34. Rd3 Qe7 35. Nc4 Bb5 36. Ra3 Rxa3 37. bxa3 Bxc4 38. Bxc4 Qa7 39. Bf1 Qxa3 40. Qd2 Kh7 41. Kf2 Qa7 42. Kg3 Qa1 43. Kf2 Qa7 44. Kg3 Qa1 45. Kf2 Qa7 1/2-1/2

[Event "11th Sinquefield Cup"]
[Site "Saint Louis USA"]
[Date "2024.08.23"]
[Round "5"]
[White "Firouzja, Alireza"]
[Black "Giri, Anish"]
[Result "1-0"]
[WhiteTitle "GM"]
[BlackTitle "GM"]
[WhiteElo "2751"]
[BlackElo "2746"]
[WhiteFideId "12573981"]
[BlackFideId "24116068"]
[EventDate "2024.08.19"]
[PlyCount "115"]

1. e4 e5 2. Nf3 Nc6 3. Bc4 Nf6 4. d3 Bc5 5. O-O d6 6. c3 a5 7. h3 O-O 8. Bb3 h6 9. Re1 Re8 10. Nbd2 Be6 11. Ba4 Qb8 12. Bxc6 bxc6 13. Nf1 Bb6 14. Ng3 a4 15. d4 Qa7 16. Be3 Qa5 17. Qc1 Kh7 18. Nh4 Ng8 19. Nhf5 c5 20. dxe5 Bxf5 21. Nxf5 dxe5 22. c4 Rad8 23. Rd1 Qa8 24. Rd5 c6 25. Rxd8 Rxd8 26. Qc2 Qa6 27. Rc1 Rd7 28. a3 Nf6 29. Qe2 Qc8 30. Qc2 Qa6 31. Qc3 Qa5 32. b4 axb3 33. Qxb3 Bc7 34. g3 Qa6 35. Kg2 Rd8 36. Ra1 Qc8 37. Qc2 Qd7 38. Rb1 Ba5 39. Bxc5 Qd3 40. Qxd3 Rxd3 41. Rb7 Nxe4 42. Be3 Kg6 43. Ne7+ Kf6 44. Nxc6 Bd2 45. Rxf7+ Ke6 46. Re7+ Kd6 47. Rd7+ Kxd7 48. Nxe5+ Kd6 49. Nxd3 Bxe3 50. fxe3 Nd2 51. c5+ Kd5 52. a4 Nc4 53. Kf3 g5 54. e4+ Kd4 55. e5 Kxd3 56. e6 Ne5+ 57. Kg2 Nc6 58. a5 1-0

[Event "11th Sinquefield Cup"]
[Site "Saint Louis USA"]
[Date "2024.08.23"]
[Round "5"]
[White "Nepomniachtchi, Ian"]
[Black "Ding Liren"]
[Result "1/2-1/2"]
[WhiteTitle "GM"]
[BlackTitle "GM"]
[WhiteElo "2767"]
[BlackElo "2745"]
[WhiteFideId "4168119"]
[BlackFideId "8603677"]
[EventDate "2024.08.19"]
[PlyCount "131"]

1. e4 e5 2. Nf3 Nc6 3. Bb5 a6 4. Ba4 Nf6 5. O-O Be7 6. Re1 b5 7. Bb3 O-O 8. h3 Bb7 9. d3 d5 10. exd5 Nxd5 11. Nbd2 Nd4 12. Nxd4 exd4 13. Qf3 Rb8 14. Ne4 c5 15. a4 Nf6 16. axb5 Nxe4 17. bxa6 Nd2 18. Qe2 Nxb3 19. cxb3 Bd6 20. axb7 Rxb7 21. Qc2 Qd7 22. Bd2 Rfb8 23. b4 cxb4 24. Qb3 Bf8 25. Rac1 Rc7 26. Rxc7 Qxc7 27. Re4 Ra8 28. Bf4 Bd6 29. g3 Bxf4 30. Rxf4 Ra1+ 31. Kh2 Qb7 32. Re4 h6 33. Qc4 Rf1 34. Kg2 Rb1 35. Qxd4 f5 36. Qxb4 Rxb2 37. Qxb7 Rxb7 38. Rd4 Kf7 39. Kf3 Ke6 40. Ra4 Rb6 41. Ra5 Kf6 42. Rc5 Ra6 43. Ke3 g5 44. g4 f4+ 45. Ke4 Ra2 46. Rc6+ Kg7 47. Kf3 Rd2 48. Rd6 Rd1 49. Rd8 Rh1 50. Kg2 Rd1 51. d4 Rd3 52. Rd6 Kh7 53. Rd7+ Kg6 54. d5 Kf6 55. d6 Kg6 56. Rd8 Kg7 57. d7 Kh7 58. h4 gxh4 59. Rf8 Rxd7 60. Kh3 Rd3+ 61. Kxh4 Rf3 62. g5 hxg5+ 63. Kxg5 Rxf2 64. Rf7+ Kg8 65. Rxf4 Rxf4 66. Kxf4 1/2-1/2

[Event "11th Sinquefield Cup"]
[Site "Saint Louis USA"]
[Date "2024.08.25"]
[Round "6"]
[White "Ding Liren"]
[Black "Praggnanandhaa, Rameshbabu"]
[Result "1/2-1/2"]
[WhiteTitle "GM"]
[BlackTitle "GM"]
[WhiteElo "2745"]
[BlackElo "2749"]
[WhiteFideId "8603677"]
[BlackFideId "25059530"]
[EventDate "2024.08.19"]
[PlyCount "63"]

1. Nf3 Nf6 2. c4 g6 3. Nc3 Bg7 4. e4 d6 5. d4 O-O 6. Be2 e5 7. O-O exd4 8. Nxd4 Re8 9. f3 c6 10. Kh1 d5 11. cxd5 cxd5 12. Bg5 Nc6 13. Bb5 h6 14. Nxc6 bxc6 15. Bxc6 hxg5 16. Bxa8 d4 17. Nd5 Ba6 18. Bc6 Re6 19. Rc1 Bxf1 20. Qxf1 Qb8 21. Qb5 Qxb5 22. Bxb5 Nxd5 23. exd5 Re5 24. Bc4 d3 25. Bxd3 Rxd5 26. Bc4 Bxb2 27. Bxd5 Bxc1 28. g3 Kg7 29. Kg2 Kg8 30. Kh1 Kg7 31. Kg2 Kg8 32. Kh1 1/2-1/2

[Event "11th Sinquefield Cup"]
[Site "Saint Louis USA"]
[Date "2024.08.25"]
[Round "6"]
[White "Nepomniachtchi, Ian"]
[Black "Caruana, Fabiano"]
[Result "0-1"]
[WhiteTitle "GM"]
[BlackTitle "GM"]
[WhiteElo "2767"]
[BlackElo "2793"]
[WhiteFideId "4168119"]
[BlackFideId "2020009"]
[EventDate "2024.08.19"]
[PlyCount "50"]

1. e4 c5 2. Nf3 g6 3. d4 cxd4 4. Nxd4 Bg7 5. Nc3 Nc6 6. Be3 Nf6 7. Bc4 O-O 8. Bb3 d6 9. f3 Qa5 10. Qd3 Ne5 11. Qd2 Bd7 12. O-O-O Rfc8 13. Kb1 Nc4 14. Bxc4 Rxc4 15. g4 Be6 16. Nb3 Qa6 17. Bd4 Rac8 18. g5 Nxe4 19. fxe4 Bxd4 20. Nxd4 Rxc3 21. a3 Qc4 22. b3 Qc5 23. Rc1 Qxa3 24. h4 R8c5 25. Rcf1 Bxb3 0-1

[Event "11th Sinquefield Cup"]
[Site "Saint Louis USA"]
[Date "2024.08.25"]
[Round "6"]
[White "Giri, Anish"]
[Black "Abdusattorov, Nodirbek"]
[Result "1/2-1/2"]
[WhiteTitle "GM"]
[BlackTitle "GM"]
[WhiteElo "2746"]
[BlackElo "2762"]
[WhiteFideId "24116068"]
[BlackFideId "14204118"]
[EventDate "2024.08.19"]
[PlyCount "112"]

1. Nf3 Nf6 2. g3 g6 3. Bg2 Bg7 4. c4 d6 5. O-O O-O 6. Nc3 e5 7. d3 Bd7 8. b4 Qc8 9. Bg5 Bh3 10. Qd2 Bxg2 11. Kxg2 Nh5 12. Rac1 f5 13. Bh6 Bxh6 14. Qxh6 Qd7 15. b5 f4 16. h3 c6 17. e3 fxg3 18. fxg3 Qe7 19. bxc6 bxc6 20. c5 dxc5 21. Qg5 Qxg5 22. Nxg5 Nd7 23. Nce4 Ng7 24. Rxf8+ Rxf8 25. Nxc5 Nxc5 26. Rxc5 Rd8 27. Rc3 Nf5 28. Kf2 Rf8 29. g4 Ne7+ 30. Ke2 Rb8 31. Ra3 Rb7 32. e4 c5 33. Ra5 Rb2+ 34. Ke3 Rc2 35. Ra6 c4 36. Nf3 Kf8 37. g5 c3 38. Nxe5 Rh2 39. Ra5 Rxh3+ 40. Nf3 h6 41. gxh6 c2 42. Rc5 g5 43. Kf2 g4 44. Nd4 Ng6 45. Nxc2 Rxd3 46. Rf5+ Kg8 47. Rg5 Kh7 48. Ne3 Kxh6 49. Rxg4 Rd2+ 50. Ke1 Rxa2 51. Nf5+ Kh5 52. Rg3 Ra4 53. Ng7+ Kh6 54. Nf5+ Kh5 55. Ng7+ Kh6 56. Nf5+ Kh5 1/2-1/2

[Event "11th Sinquefield Cup"]
[Site "Saint Louis USA"]
[Date "2024.08.26"]
[Round "7"]
[White "Abdusattorov, Nodirbek"]
[Black "So, Wesley"]
[Result "1-0"]
[WhiteTitle "GM"]
[BlackTitle "GM"]
[WhiteElo "2762"]
[BlackElo "2751"]
[WhiteFideId "14204118"]
[BlackFideId "5202213"]
[EventDate "2024.08.19"]
[PlyCount "75"]

1. d4 Nf6 2. c4 e6 3. Nc3 Bb4 4. e3 c5 5. Ne2 d5 6. a3 Ba5 7. dxc5 dxc4 8. Bd2 O-O 9. Ng3 b6 10. Bxc4 bxc5 11. O-O Nbd7 12. Qc2 Bb7 13. Rfd1 h5 14. h3 h4 15. Nge4 Nxe4 16. Nxe4 Bxe4 17. Qxe4 Nf6 18. Qc2 Qb6 19. Qa4 Bxd2 20. Rxd2 Rad8 21. Rc2 Qb7 22. Be2 Qe4 23. Rc4 Qf5 24. Rac1 Rd2 25. Rxc5 e5 26. R5c2 Rfd8 27. Qa5 Ne4 28. Bf3 R8d6 29. Qb4 Rxc2 30. Rxc2 Ng5 31. Qxd6 Nxf3+ 32. gxf3 Qxc2 33. Qb8+ Kh7 34. Qxe5 g6 35. Qd4 Kg8 36. Qd8+ Kg7 37. Qxh4 Qxb2 38. Qd4+ 1-0